000 00286nam a22001337a 4500
008 170411b xxu||||| |||| 00| 0 eng d
020 _a0721636438
041 _aeng
080 _a618
100 _a10
101 _aSHM
245 _aTEXTBOOK LAPAROSCOPY
_cHULKA.J.F
942 _2udc
_cBK
999 _c10332
_d10332